000 00424nam a2200169Ia 4500
001 31013
003 IN-NITTTR
005 20251114233417.0
008 251113s9999||||xx |||||||||||||| ||eng||
040 _beng
040 _cIN-NITTTR
041 _aeng
082 _a428.2 L11A
100 _aLakshminarayanan, K. R.
245 0 _aadvanced english :
_b communication skills lab /
_cLakshminarayanan, K. R.
942 _2ddc
_cBK
999 _c33643
_d33643